PRINCIPLES INTERNET MARKETING WARD HANSON (Record no. 2540)
[ view plain ]
| 000 -LEADER | |
|---|---|
| fixed length control field | 00303nam a22001097a 4500 |
| 008 - FIXED-LENGTH DATA ELEMENTS--GENERAL INFORMATION | |
| fixed length control field | 150908b xxu||||| |||| 00| 0 eng d |
| 020 ## - INTERNATIONAL STANDARD BOOK NUMBER | |
| International Standard Book Number | 0538875739 |
| 082 ## - | |
| Classification number | 658.84 HAN |
| 100 ## - MAIN ENTRY--PERSONAL NAME | |
| Personal name | HANSON WARD |
| 245 ## - TITLE STATEMENT | |
| Title | PRINCIPLES INTERNET MARKETING WARD HANSON |
| 260 ## - PUBLICATION, DISTRIBUTION, ETC. (IMPRINT) | |
| Place of publication, distribution, etc. | NEW YORK |
| Name of publisher, distributor, etc. | SOUTH-WESTERN PUBLISHING |
| Date of publication, distribution, etc. | 2000 |
| Withdrawn status | Lost status | Source of classification or shelving scheme | Damaged status | Koha normalized classification for sorting | Not for loan | Home library | Current library | Shelving location | Date acquired | Total Checkouts | Full call number | Barcode | Date last seen | Price effective from | Koha item type |
|---|---|---|---|---|---|---|---|---|---|---|---|---|---|---|---|
| Dewey Decimal Classification | 658_840000000000000_HAN | Dodoma | Dodoma | Ground Floor | 08/09/2015 | 658.84 HAN | 000000005417 | 29/07/2019 | 08/09/2015 | BOOKS |
